01392nam a2200301uu 4500001000800000005001700008008004100025020001500066035001200081035002100093040001300114041000800127082000800135100009800143245001300241250001700254260004500271300003500316490003000351505030400381600004400685650003700729650003300766700008900799942000900888999001900897952017400916101832820260507074510.0070227s2004 spa  a8437617111 a1018328 a(OCoLC)777597741 ccomduadb aspa 4a93800aHeródoto,d484?-420? a. de C.4aut0(isni)0000 0001 2353 01330(viaf)100225976eaut925367010aHistoria a3. edición aBarcelona :bEdiciones Cátedra,c2004. a935 páginas :bilustraciones0 aLetras Universales ;v274 aCONTENIDO : Introducción. -- Noticias sobre Heródoto. -- Bibliografía. -- Historia. -- Libro I: Clío. -- Libro II: Euterpe. -- Libro III: Talía. -- Libro IV: Melpómene. -- Libro V: Terpsícore. -- Libro VI: Érato. -- Libro VII: Polimnia. -- Libro VIII: Urania. -- Libro IX: Calíope.04aHeródoto,d484?-420? a. de C.9253670 aGrecia - Historia antigua917941 7aHistoria antigua2lemb92781 0aBalasch, Manuel,d1928-4trl0(isni)0000 0001 1031 268X0(viaf)93561133etrl9341990 cBOOK c409833d409833 001040708GENaBCbBCd2007-02-27eCIS (Corporacion Interuniversitaria de Servicios)g73100.00iC941161l0o938 H559p0729351r2025-02-19 07:25:04t1w2023-04-27yBOOK